| 000 | 00352nam a2200121Ia 4500 | ||
|---|---|---|---|
| 008 | 150610s9999 xx 000 0 und d | ||
| 020 | _a0 670840718 | ||
| 050 |
_aPR9199.3 _b.I464A95 1991 |
||
| 100 | _aIgnatieff, Michael | ||
| 245 |
_aAsya / _ca novel by Michael Ignatieff. |
||
| 260 |
_aNew York : _bPenguin Group, _c1991. |
||
| 300 |
_a309pages ; _c24 cm. |
||
| 999 |
_c288006 _d288006 |
||